May 21st: Birthdays - Statistics

General Stats
  • This quiz has been taken 4 times
  • The average score is 3 of 10
Answer Stats
Year Clue Answer % Correct
1952 Actor in Rocky III Mr. T
100%
1904 Artist of Ain't Misbehavin' Fats Waller
50%
1960 Nicknamed "Milwaukee Cannibal" Jeffery Dahmer
50%
1688 Wrote Rape of the Lock Alexander Pope
25%
1780 Quaker Minister/Social Reformer Elizabeth Fry
25%
1921 Won the Nobel Prize in 1975 Andrei Sakharov
0%
120 Mother of Julius Caesar Aurelia Cotta
0%
1916 WroteThe Carpetbaggers Harold Robbins
0%
1930 Prime Minister of Australia Malcolm Fraser
0%
1940 Collaborated with the Beatles Tony Sheridan
0%
No matching quizzes found
Score Distribution
Percent of People with Each Score
Percentile by Number Answered
Your Score History
You have not taken this quiz